000
00292nam a2200097Ia 4500
008
240331s9999 xx 000 0 und d
082
_b
ELU
100
_a
Muqtada, M,. ed
245
4
_a
The elusive target :
_b
an evaluation of target group approaches to employment creation in rural Asia
942
_c
L
999
_c
2739
_d
2739